| 000 | 00790nas a2200241 4500 | ||
|---|---|---|---|
| 001 | BR0809164 | ||
| 003 | BR-BrBNA | ||
| 005 | 20231205112657.0 | ||
| 007 | ta | ||
| 008 | 230509b bl.|||p| |||| 00| 00por d | ||
| 040 |
_aBR-BrBNA _bpor _cBiblioteca Nacional de Agricultura |
||
| 041 | _a(Pt) | ||
| 072 | _aL40 | ||
| 100 | 1 | _aGomiero, L.M. | |
| 100 | 1 | _aBraga, F.M. de S. | |
| 245 | 1 | _aDescrição dos otólitos de tucunarés (Cichla sp. e Cichla monoculus)no reservatório da hidrelétrica de Volta Grande (SP-MG) | |
| 650 | _aTUCÚNARE | ||
| 650 | _aANATOMIA ANIMAL | ||
| 650 | _aHIDRELÉTRICA | ||
| 773 | 0 |
_tCiência Animal Brasileira (Brazil) _xISSN 1518-2797 _g(Jan-Mar 2007), v. 8(1) p. 119-126 _wBR0809164 |
|
| 909 |
_a202311 _bLúcia _c55 _dLúcia Elande |
||
| 942 |
_2AGRIS _n0 _cANA |
||
| 999 |
_c199325 _d199325 |
||